Online katalóg knižníc regiónu Turca

Kytice tomuto životu (Record no. 21181)

MARC details
000 -LEADER
fixed length control field 01543cam a2200445 a 4500
001 - CONTROL NUMBER
control field 21181
003 - CONTROL NUMBER IDENTIFIER
control field VRT
005 - DATE AND TIME OF LATEST TRANSACTION
control field 20260223155802.0
008 - FIXED-LENGTH DATA ELEMENTS--GENERAL INFORMATION
fixed length control field 230403s1953 xo g 000 p slo
015 ## - NATIONAL BIBLIOGRAPHY NUMBER
National bibliography number SNBA19451955-002528
035 ## - SYSTEM CONTROL NUMBER
System control number SK01SNKBKSFS20010062417
035 ## - SYSTEM CONTROL NUMBER
System control number urn:nbn:sk:snk-am3i4ul
035 ## - SYSTEM CONTROL NUMBER
System control number E0F43B17-7615-49E8-9925-73247AEA6626
035 ## - SYSTEM CONTROL NUMBER
System control number urn:nbn:sk:snk-am00dk4x
035 ## - SYSTEM CONTROL NUMBER
System control number SKM000064880
039 #9 - LEVEL OF BIBLIOGRAPHIC CONTROL AND CODING DETAIL [OBSOLETE]
Level of rules in bibliographic description 202304032042
Level of effort used to assign nonsubject heading access points VLOAD
Level of effort used to assign subject headings 202212050953
Level of effort used to assign classification VLOAD
Level of effort used to assign subject headings 202205110901
Level of effort used to assign classification VLOAD
Level of effort used to assign subject headings 202106231910
Level of effort used to assign classification VLOAD
040 ## - CATALOGING SOURCE
Original cataloging agency SNK
Language of cataloging slo
Transcribing agency SNK
Description conventions AACR2
041 0# - LANGUAGE CODE
Language code of text/sound track or separate title slo
044 ## - COUNTRY OF PUBLISHING/PRODUCING ENTITY CODE
MARC country code xo
ISO country code SK
080 ## - UNIVERSAL DECIMAL CLASSIFICATION NUMBER
Universal Decimal Classification number 885.4-1
Edition identifier 1981
100 1# - MAIN ENTRY--PERSONAL NAME
Personal name Fabry, Rudolf,
Dates associated with a name 1915-1982
Relationship aut
245 10 - TITLE STATEMENT
Title Kytice tomuto životu
Statement of responsibility, etc. Rudolf Fabry
260 ## - PUBLICATION, DISTRIBUTION, ETC.
Place of publication, distribution, etc. Bratislava
Name of publisher, distributor, etc. Slovenský spisovateľ
Date of publication, distribution, etc. 1953
Place of manufacture Bratislava
Manufacturer Graf. tlač.
300 ## - PHYSICAL DESCRIPTION
Extent 146, [4] s.
Dimensions 21 cm
490 1# - SERIES STATEMENT
Series statement Pôvodná tvorba
Volume/sequential designation sv. 28
500 ## - GENERAL NOTE
General note Frontispice: D. Milly
655 #7 - INDEX TERM--GENRE/FORM
Genre/form data or focus term slovenská poézia
Source of term SNKPH
700 1# - ADDED ENTRY--PERSONAL NAME
Personal name Milly, Dezider,
Dates associated with a name 1906-1971
Relationship ill
830 #0 - SERIES ADDED ENTRY--UNIFORM TITLE
Uniform title Pôvodná tvorba
910 ## - USER-OPTION DATA (OCLC)
User-option data snk
942 ## - ADDED ENTRY ELEMENTS (KOHA)
Source of classification or shelving scheme Dewey Decimal Classification
Koha item type Krásna literatúra pre dospelých
Suppress in OPAC No
949 ## - LOCAL PROCESSING INFORMATION (OCLC)
6 2889055941
a savukA 3198
949 ## - LOCAL PROCESSING INFORMATION (OCLC)
a snklmMK 3856
949 ## - LOCAL PROCESSING INFORMATION (OCLC)
6 273K0431724
a svkpoA 46473
b svkpo107368
949 ## - LOCAL PROCESSING INFORMATION (OCLC)
6 17A0757744
a snkSC 4470/28
b snk1052/53
o VIII.1825/53 - ev. č.
s 6100:20190110
949 ## - LOCAL PROCESSING INFORMATION (OCLC)
6 17A0445338
9 P60, <04>, [BOOK], {604}
a snkSC 4470/28 D1
b snkF 1821/74
949 ## - LOCAL PROCESSING INFORMATION (OCLC)
6 3830001019765
a kurukT18/FABR1-3
b kuruk2008/F4152
949 ## - LOCAL PROCESSING INFORMATION (OCLC)
6 0133056603
a snmk
b snmk56603
Holdings
Stav vyradenia Strata Poškodenie Spôsob nadobudnutia Domovská knižnica Aktuálna knižnica Dátum nadobudnutia Total checkouts Čiarový kód exemplára Date last seen Typ exemplára
      Dar Obecná knižnica Horná Štubňa Obecná knižnica Horná Štubňa 23.02.2026   4736201455 23.02.2026 Krásna literatúra pre dospelých
Projekt je podporený Slovenskou asociáciou knižníc
Prevádzkuje Turčianska knižnica Martin 2026